Introduction to radiologic sciences and patient care. (3rd ed.) (Record no. 64219)

MARC details
000 -LEADER
fixed length control field 01585nam a2200253 a 4500
008 - FIXED-LENGTH DATA ELEMENTS--GENERAL INFORMATION
fixed length control field 111004s2003 ||||||||||||||||| || u
020 ## - INTERNATIONAL STANDARD BOOK NUMBER
International Standard Book Number 9780721697826
050 ## - LIBRARY OF CONGRESS CALL NUMBER
Classification number R 898 Int
100 ## - MAIN ENTRY--PERSONAL NAME
Personal name Carlton, Richard R
245 10 - TITLE STATEMENT
Title Introduction to radiologic sciences and patient care. (3rd ed.)
Statement of responsibility, etc. Contributed by Arlene M. Adler; [and others]
250 ## - EDITION STATEMENT
Edition statement 3rd ed.
260 ## - PUBLICATION, DISTRIBUTION, ETC.
Place of publication, distribution, etc. St. Louis, Missouri:
Name of publisher, distributor, etc. Saunders/Elsevier
Date of publication, distribution, etc. 2003
300 ## - PHYSICAL DESCRIPTION
Extent xiii, 462p.: ill.
350 ## -
-- 0.00
650 ## - SUBJECT ADDED ENTRY--TOPICAL TERM
Topical term or geographic name entry element RADIOLOGY, MEDICAL
650 ## - SUBJECT ADDED ENTRY--TOPICAL TERM
Topical term or geographic name entry element RADIOLOGIC TECHNOLOGISTS
650 ## - SUBJECT ADDED ENTRY--TOPICAL TERM
Topical term or geographic name entry element MEDICINE
700 ## - ADDED ENTRY--PERSONAL NAME
Personal name Adler, Arlene M
995 ## -
-- MEDICAL LIBRARY OPEN ACCESS
-- 0.00
-- 901185
-- CBU-SCHOOL OF MEDICINE LIBRARY (Ndola)
-- 1
-- 0.00
-- R 898 INT
-- 1
-- AVAILABLE
-- Oct 4, 2011
-- 901185
-- Medical Library Open Access Collection
995 ## -
-- MEDICAL LIBRARY OPEN ACCESS
-- 0.00
-- 901186
-- CBU-SCHOOL OF MEDICINE LIBRARY (Ndola)
-- 1
-- 0.00
-- R 898 INT
-- 2
-- AVAILABLE
-- Oct 4, 2011
-- 901186
-- Medical Library Open Access Collection
995 ## -
-- MICHAEL CHILUFYA SATA OPEN ACCESS
-- 0.00
-- 900229
-- CBU-SCHOOL OF MEDICINE LIBRARY (Ndola)
-- 1
-- 0.00
-- R 898 INT
-- 4
-- AVAILABLE
-- Oct 10, 2011
-- 900229
-- Medical Library Open Access Collection
995 ## -
-- MICHAEL CHILUFYA SATA OPEN ACCESS
-- 0.00
-- 900230
-- CBU-SCHOOL OF MEDICINE LIBRARY (Ndola)
-- 1
-- 0.00
-- R 898 INT
-- 5
-- AVAILABLE
-- Oct 10, 2011
-- 900230
-- Medical Library Open Access Collection
995 ## -
-- MICHAEL CHILUFYA SATA OPEN ACCESS
-- 0.00
-- 900228
-- CBU-SCHOOL OF MEDICINE LIBRARY (Ndola)
-- 1
-- 0.00
-- R 898 INT
-- 3
-- AVAILABLE
-- Oct 10, 2011
-- 900228
-- Medical Library Open Access Collection
999 ## -
-- 64219
-- 64219

No items available.